000 00719nam a2200241 a 4500
001 60143
003 BD-RjUL
005 20211209080816.0
008 161228s1969 pk b 000 0 eng
035 _a(BD-RjUL)60267
040 _aLC
_beng
_cLC
_dNU
041 _aeng
082 0 4 _a301
_223
_bALC 1969
100 1 _aAli, Basharat M.
_9179035
245 1 0 _aComparative sociology :
_bthe study of American, German, Russian, and Quranic sociology /
_cby M. Basharat Ali.
250 _a1st ed.
260 _aKarachi,
_bJamiyatul Falah Publications
_c1969
300 _av, 94 p. ;
_c24 cm.
504 _aIncludes bibliographical references.
650 _aSociology
_9170250
942 _2ddc
_cBK
999 _c60143
_d60143